<?xml version="1.0" encoding="UTF-8"?>
<collection xmlns="http://www.loc.gov/MARC21/slim">
 <record>
  <leader>06279nam a2200373 a 4500</leader>
  <controlfield tag="001">kal5905</controlfield>
  <controlfield tag="003">Gr-AtHEAL</controlfield>
  <controlfield tag="005">20160422101810.0</controlfield>
  <controlfield tag="006">m        d        </controlfield>
  <controlfield tag="008">160413s2015    gr      s           gre|c</controlfield>
  <datafield tag="020" ind1=" " ind2=" ">
   <subfield code="a">9789606033155</subfield>
  </datafield>
  <datafield tag="040" ind1=" " ind2=" ">
   <subfield code="a">GR-AtHEAL</subfield>
   <subfield code="b">gre</subfield>
   <subfield code="c">GR-AtHEAL</subfield>
  </datafield>
  <datafield tag="082" ind1="0" ind2="4">
   <subfield code="a">727</subfield>
   <subfield code="2">23</subfield>
  </datafield>
  <datafield tag="100" ind1="1" ind2=" ">
   <subfield code="a">Μάντζιου, Ελένη.</subfield>
   <subfield code="8">433</subfield>
  </datafield>
  <datafield tag="245" ind1="1" ind2="0">
   <subfield code="a">Αρχιτεκτονικός σχεδιασμός δημόσιου συγκροτήματος</subfield>
   <subfield code="h">[Ηλεκτρονικός πόρος] </subfield>
   <subfield code="b">Τα αστικό μουσείο</subfield>
   <subfield code="c">Μάντζιου, Ελένη ; Κριτικός αναγνώστης,Τουρνικιώτης, Παναγιώτης.</subfield>
  </datafield>
  <datafield tag="260" ind1=" " ind2=" ">
   <subfield code="a">Αθήνα :</subfield>
   <subfield code="b">Σύνδεσμος Ελληνικών Ακαδημαϊκών Βιβλιοθηκών,</subfield>
   <subfield code="c">c2015.</subfield>
  </datafield>
  <datafield tag="490" ind1=" " ind2=" ">
   <subfield code="a">Ακαδημαϊκά Ηλεκτρονικά Συγγράμματα και Βοηθήματα Κάλλιπος</subfield>
   <subfield code="8">40</subfield>
  </datafield>
  <datafield tag="520" ind1=" " ind2=" ">
   <subfield code="a">Ο αρχιτεκτονικός σχεδιασμός χώρου είναι μια αμφίδρομη διαδικασία ανάλυσης–σύνθεσης, η οποία διατρέχει τις κλίμακες του αστικού σχεδιασμού, της κτιριολογίας και της διαμόρφωσης μικροπεριβάλλοντος ειδικών απαιτήσεων. Η φύση και η ουσία της σχεδιαστικής δραστηριότητας παραμένει η ίδια σε όποια κλίμακα και αν εφαρμόζεται. Η αρχιτεκτονική δημιουργία ενός δημόσιου πολιτιστικού συγκροτήματος εκφράζει στον χώρο την τρέχουσα κοινωνική αντίληψη για τις δραστηριότητες που υποδέχεται, νοηματοδοτείται δε σε σχέση με το περιεχόμενο που στεγάζει, καθώς και με το περιβάλλον στο οποίο εντάσσεται. Το μουσείο είναι προνομιακό πεδίο για τη διερεύνηση των συνθετικών μαθημάτων, διότι ο σχεδιασμός του προϋποθέτει την μελέτη των συστατικών στοιχείων του αστικού ιστού, την ευαισθητοποίηση ως προς τον χαρακτήρα και την ιστορία του τόπου υποδοχής, την ανάλυση του σύνθετου λειτουργικού προγράμματος, την κατανόηση της σχέσης μέρους και όλου, τη συσχέτιση δομημένου–υπαίθριου χώρου. Η ιδιομορφία του εκσυγχρονισμένου θεσμού του μουσείου αναδεικνύει πλήθος ζητημάτων όπως: τον συγκερασμό πρωτοπορίας -κατεστημένου, την προσάρτηση του πολιτισμού στο πεδίο της οικονομίας και της ψυχαγωγίας, τη στρατηγική της αστικής επέμβασης, την επισήμανση της επανασημασιοδότησης του αντικειμένου λόγω της έκθεσής του, την αμφίδρομη σχέση μεταξύ εξέλιξης των κοινωνικών θεσμών και των υλικών κελυφών που τους στεγάζουν. Η πολυπαραμετρική προσέγγιση της αναλυτικής-συνθετικής διαδικασίας, η συστηματική παρουσίαση χαρακτηριστικών υλοποιημένων προτάσεων και ο συγκριτικός σχολιασμός διαφορετικών διατάξεων με τη συνδρομή διαδραστικών σχεδίων προτείνει μια μεθοδολογία, η οποία υποστηρίζει τον αρχιτεκτονικό σχεδιασμό δημόσιων συγκροτημάτων και επιδιώκει την προσέλκυση του ενδιαφέροντος των σπουδαστών για την απόκτηση νέας γνώσης, την ανάπτυξη της φαντασίας και την καλλιέργεια της κριτικής τους σκέψης. Η σπονδυλωτή δομή του βιβλίου, το καθιστά χρήσιμο στα μαθήματα αρχιτεκτονικού σχεδιασμού των μεγαλυτέρων εξαμήνων.</subfield>
  </datafield>
  <datafield tag="530" ind1=" " ind2=" ">
   <subfield code="a">Επίσης διαθέσιμο σε έντυπη μορφή.</subfield>
  </datafield>
  <datafield tag="650" ind1=" " ind2="0">
   <subfield code="a">Architecture</subfield>
   <subfield code="8">2238</subfield>
  </datafield>
  <datafield tag="653" ind1=" " ind2=" ">
   <subfield code="a">Εκθεσιακοί χώροι</subfield>
  </datafield>
  <datafield tag="653" ind1=" " ind2=" ">
   <subfield code="a">Αστικός σχεδιασμός</subfield>
  </datafield>
  <datafield tag="653" ind1=" " ind2=" ">
   <subfield code="a">Μουσείο</subfield>
  </datafield>
  <datafield tag="653" ind1=" " ind2=" ">
   <subfield code="a">Τεχνολογία και επιστήμες μηχανικών</subfield>
   <subfield code="a">Αρχιτεκτονική</subfield>
   <subfield code="a">Αστική αρχιτεκτονική</subfield>
  </datafield>
  <datafield tag="653" ind1=" " ind2=" ">
   <subfield code="a">Τεχνολογία και επιστήμες μηχανικών</subfield>
   <subfield code="a">Αρχιτεκτονική</subfield>
   <subfield code="a">Εσωτερικοί χώροι</subfield>
  </datafield>
  <datafield tag="653" ind1=" " ind2=" ">
   <subfield code="a">Τεχνολογία και επιστήμες μηχανικών</subfield>
   <subfield code="a">Χωροταξία/Περιφερειακός σχεδιασμός- Πολεοδομία/Αστικός σχεδιασμός</subfield>
   <subfield code="a">Πολεοδομικός σχεδιασμός μικροκλίμακας</subfield>
  </datafield>
  <datafield tag="653" ind1=" " ind2=" ">
   <subfield code="a">Τέχνες και γράμματα</subfield>
   <subfield code="a">Εικαστικές τέχνες</subfield>
   <subfield code="a">Αρχιτεκτονική</subfield>
  </datafield>
  <datafield tag="700" ind1="1" ind2=" ">
   <subfield code="a">Τουρνικιώτης, Παναγιώτης,</subfield>
   <subfield code="d">1955-</subfield>
   <subfield code="e">Κριτικός αναγνώστης</subfield>
  </datafield>
  <datafield tag="776" ind1="1" ind2=" ">
   <subfield code="i">έντυπη έκδοση</subfield>
   <subfield code="t">Αρχιτεκτονικός σχεδιασμός δημόσιου συγκροτήματος: το αστικό μουσείο</subfield>
   <subfield code="z">9789606033155.</subfield>
  </datafield>
  <datafield tag="856" ind1="4" ind2="0">
   <subfield code="u">http://hdl.handle.net/11419/5905</subfield>
   <subfield code="z">Πλήρες Κείμενο - Full text</subfield>
  </datafield>
  <datafield tag="907" ind1=" " ind2=" ">
   <subfield code="a">.b25679016</subfield>
   <subfield code="b">12-06-18</subfield>
   <subfield code="c">29-07-16</subfield>
  </datafield>
  <datafield tag="949" ind1=" " ind2=" ">
   <subfield code="0">0</subfield>
   <subfield code="1">0</subfield>
   <subfield code="2">ddc</subfield>
   <subfield code="4">0</subfield>
   <subfield code="6">727_000000000000000_ΜΑΝ</subfield>
   <subfield code="7">0</subfield>
   <subfield code="8">KALL</subfield>
   <subfield code="8">660</subfield>
   <subfield code="d">2016-04-13</subfield>
   <subfield code="r">2016-04-13</subfield>
   <subfield code="w">2016-04-13</subfield>
   <subfield code="z">727 ΜΑΝ</subfield>
   <subfield code="o">SEAB KALLIPOS</subfield>
  </datafield>
  <datafield tag="998" ind1=" " ind2=" ">
   <subfield code="a">80</subfield>
   <subfield code="a">01</subfield>
   <subfield code="a">02</subfield>
   <subfield code="a">03</subfield>
   <subfield code="a">04</subfield>
   <subfield code="a">05</subfield>
   <subfield code="a">06</subfield>
   <subfield code="a">07</subfield>
   <subfield code="a">08</subfield>
   <subfield code="a">09</subfield>
   <subfield code="a">10</subfield>
   <subfield code="a">11</subfield>
   <subfield code="a">12</subfield>
   <subfield code="a">13</subfield>
   <subfield code="a">14</subfield>
   <subfield code="a">15</subfield>
   <subfield code="a">16</subfield>
   <subfield code="a">17</subfield>
   <subfield code="a">18</subfield>
   <subfield code="a">19</subfield>
   <subfield code="a">20</subfield>
   <subfield code="a">21</subfield>
   <subfield code="a">22</subfield>
   <subfield code="a">23</subfield>
   <subfield code="a">24</subfield>
   <subfield code="a">25</subfield>
   <subfield code="a">26</subfield>
   <subfield code="b">10-05-17</subfield>
   <subfield code="c">m</subfield>
   <subfield code="d">z  </subfield>
   <subfield code="e">-</subfield>
   <subfield code="f">gre</subfield>
   <subfield code="g">gr </subfield>
   <subfield code="h">0</subfield>
  </datafield>
  <datafield tag="942" ind1=" " ind2=" ">
   <subfield code="2">ddc</subfield>
   <subfield code="c">KALLIPOS</subfield>
  </datafield>
 </record>
</collection>
